LEADER 00752nam0 2200253 450 001 000008133 005 20080722094359.0 100 $a20070718d1962----km-y0itay50------ba 101 0 $aita 102 $aIT 105 $aa-------001yy 200 1 $aElementi di costruzione navale$ead uso degli istituti nautici e dei naviganti$fMario Zito 205 $a3. ed. 210 $aGenova$cEdizioni scientifiche$d1962 215 $a166 p.$cill.$d24 cm 410 0$12001 610 1 $aCostruzioni navali 676 $a623.8$v20 700 1$aZito,$bMario$030349 801 0$aIT$bUNIPARTHENOPE$c20070718$gRICA$2UNIMARC 912 $a000008133 951 $aP1 623-E/12$b16423$cPIST$d2007 996 $aElementi di costruzione navale$91204487 997 $aUNIPARTHENOPE LEADER 01123nam2 2200289 450 001 000018697 005 20171207153702.0 010 $a9788874313792 100 $a20081103d2007----km-y0itay50------ba 105 $ay-------001yy 200 1 $a<>edizioni del '400 e del '500 nella biblioteca dell'Accademia Pontaniana di Napoli$fSilvia Sbordone 210 $a[Napoli]$cAccademia Pontaniana$d2007 215 $a140 p., 48 p. di tav.$d24 cm 225 2 $aQuaderni dell'Accademia pontaniana$v51 410 0$12001$aQuaderni dell'Accademia pontaniana 461 0$1001000031778 500 10$a<>edizioni del '400 e del '500 nella biblioteca dell'Accademia Pontaniana di Napoli$932982 610 1 $aNapoli$aAccademia Pontaniana$aBiblioteca 610 1 $aLibri rari$aSec. 15-16 676 $a018.142$v21 676 $a011.0931$v21 700 1$aSbordone,$bSilvia$07892 801 0$aIT$bUNIPARTHENOPE$c20081103$gRICA$2UNIMARC 912 $a000018697 951 $aQUAP 085/51$bs.i.$cNAVA1$d2008 996 $aEdizioni del '400 e del '500 nella biblioteca dell'Accademia Pontaniana di Napoli$932982 997 $aUNIPARTHENOPE